01597nam a2200337Ia 4500001001200000003000800012006001900020007001500039008004100054010001700095020001500112040002100127035002100148050002400169082001800193110011100211245028400322260005500606300002400661504003900685533015200724610007400876650003200950650003100982650003301013655002901046700002401075710001701099856012601116999001701242ebr10071382CaPaEBRm u cr cn|||||||||800926s1980 dcua sbds 000 0 eng d z 80024653  z0309030935 aCaPaEBRcCaPaEBR a(OCoLC)32671662114aHB2595b.N37 1980eb04a331.7/0032192 aAssembly of Behavioral and Social Sciences (U.S.).bCommittee on Occupational Classification and Analysis.10aWork, jobs, and occupationsh[electronic resource] :ba critical review of the Dictionary of occupational titles /cAnn R. Miller ... [et al.], editors ; Committee on Occupational Classification and Analysis, Assembly of Behavioral and Social Sciences, National Research Council. aWashington, D.C. :bNational Academy Press,c1980. axxi, 431 p. :bill. aIncludes bibliography: p. 419-431. aElectronic reproduction.bPalo Alto, Calif. :cebrary,d2009.nAvailable via World Wide Web.nAccess may be limited to ebrary affiliated libraries.20aUnited States Employment Service.tDictionary of occupational titles. 0aOccupationszUnited States. 0aOccupationsvDictionaries. 0aOccupationsvClassification. 7aElectronic books.2local1 aMiller, Ann Ratner.2 aebrary, Inc.40uhttp://site.ebrary.com/lib/rucke/Doc?id=10071382zAn electronic book accessible through the World Wide Web; click to view c33249d33249